000 00744nam a2200253Ia 4500
003 OSt
005 20221006142609.0
006 a|||||r|||| 00| 0
007 ta
008 221006b |||||||| |||| 00| 0 eng d
020 _a0674068750
_c
_16.00
024 _a6,717
037 _cTextual
040 _aEASL
_cEASL
_beng
041 _2eng
_aeng
082 _aY:7:7wM28, L4
100 _aCOHEN Paul A
_9109761
245 0 _aBetween tradition and modernity
_b Wang T'ao and reform in late Ch'ing China
260 _aCambridge
_bHarvard University Press
_c1974
300 _ax, 357p.
_ccm.
490 _v Oth
_aHarvard east asian series 77
942 _hY:7:7wM28, L4
_cTEXL
_2CC
999 _c1074803
_d1074803